Kolo, kolo mlynské /

Main Author: Gaubeová, Ružena, 1901-1989
Language: Slovak
Published: Bratislava : Smena, 1952
Edition: 1. vyd.
Series: Knižnica pre najmenších
Physical Description: 37 s. ; 8°
Book
Saved in:
LEADER 00719nam a22002292a 4500
001 001465157
003 CZ BrMZK
005 20151005133109.0
007 ta
008 150409s1952 xo er|||||||||||slo d
040 |a ABA001  |b cze  |c ABA001  |d ABA001  |d BOA001 
100 1 |a Gaubeová, Ružena,  |d 1901-1989  |7 jx20071217006  |4 aut 
245 1 0 |a Kolo, kolo mlynské /  |c Ružena Gaubeová 
250 |a 1. vyd. 
260 |a Bratislava :  |b Smena,  |c 1952 
300 |a 37 s. ;  |c 8° 
490 1 |a Knižnica pre najmenších ;  |v sv. 13 
830 0 |a Knižnica pre najmenších 
910 |a BOA001  |b 2-0300.573 
990 |a BK 
991 |b 201504 
996 7 |b 2618833373  |c 2-0300.573  |l MZK  |r Sklad / do 24 hodin  |n 0  |w 001500087  |u 000010  |a 1  |e BOA001  |j MZK50  |s A